00643nam a22002057a 4500003000500000005001700005008004100022010000900063011000900072035000900081040000900090100004000099245006200139260004200201300002900243502009000272650002800362650003300390650001400423CHAP20220329133611.0971013s1993 r 00010 d a8417 a9389 a8624 cCHAP00aChávez Arellano, María Eugenia. aCultura y hábitos alimentarios en una comunidad Mazahua aMontecillo, Méx. :bEl autor,c1993 a120 h.b; mapase+ anexo aTesis (M.C. Esp. en Desarrollo Rural) -- C.P. Centro de Estudios del Desarrollo Rural14aHábitos alimenticios.14aIndios de MéxicoxCultura.14aMazahuas.